| 000 | 00734nam a2200181Ia 4500 | ||
|---|---|---|---|
| 008 | 090124s9999 xx 000 0 und d | ||
| 082 | _b27927 | ||
| 100 | _aचित्रे दिलीप पुरुषोत्तम | ||
| 245 | _a मिठू मिठू पोपट आणि सुतक | ||
| 250 | _a1 | ||
| 260 |
_bसाकेत प्रकाशन _c1989 |
||
| 300 | _a74 | ||
| 600 | _aचित्रे दिलीप पुरुषोत्तम | ||
| 630 | _a मिठू मिठू पोपट आणि सुतक | ||
| 700 | _aचित्रे दिलीप पुरुषोत्तम | ||
| 730 | _a मिठू मिठू पोपट आणि सुतक | ||
| 942 | _cBOOK | ||
| 999 |
_c94205 _d94205 |
||